|
|
|
|
| LEADER |
00000cam a2200000 7i4500 |
| 001 |
0000004199 |
| 005 |
20151222.0 |
| 008 |
070725 |
| 020 |
|
|
|a 9832807166(siri)
|
| 020 |
|
|
|a 9832807239
|
| 090 |
0 |
0 |
|a JF
|b ENG (4696)
|
| 100 |
0 |
|
|a Kay G
|
| 245 |
1 |
4 |
|a The adventurous little ants
|c Kay G
|
| 260 |
|
|
|a Selangor :
|b Penerbitan PCT ,
|c 2004
|
| 440 |
|
|
|a PCT red readers
|
| 500 |
|
|
|a Children ages 7-9 years old (orange)
|
| 650 |
|
0 |
|a Junior fiction
|x English
|x Languages
|
| 999 |
|
|
|a 0000004365
|b Book
|c Children Collection
|e Cawangan Taman Universiti
|
| 999 |
|
|
|a 0000004366
|b Book
|c Children Collection
|e Cawangan Taman Universiti
|
| 999 |
|
|
|a 0000004367
|b Book
|c Children Collection
|e Cawangan Taman Universiti
|
| 999 |
|
|
|a 0000918896
|b Book
|c Children Collection
|e Cawangan Bukit Gambir
|
| 999 |
|
|
|a 0000927924
|b Book
|c Children Collection
|e Cawangan Tangkak
|
| 999 |
|
|
|a 0000927925
|b Book
|c Children Collection
|e Cawangan Tangkak
|
| 999 |
|
|
|a 0000927926
|b Book
|c Children Collection
|e Cawangan Tangkak
|
| 999 |
|
|
|a 0000975979
|b Book
|c Children Collection
|e Perbadanan Perpustakaan Awam Johor
|
| 999 |
|
|
|a 0000975980
|b Book
|c Children Collection
|e Cawangan Segamat
|
| 999 |
|
|
|a 0000975981
|b Book
|c Children Collection
|e Perbadanan Perpustakaan Awam Johor
|
| 999 |
|
|
|a 0000975982
|b Book
|c Children Collection
|e Perbadanan Perpustakaan Awam Johor
|
| 999 |
|
|
|a 0000975983
|b Book
|c Children Collection
|e Perbadanan Perpustakaan Awam Johor
|